00325nam a2200121 a 4500008004100000050001700041100002000058245003300078246002800111260003500139300002000174350000900194120416s1979 ||||||||||||||||| || u aQA 268.5 Kan aKandel, Abraham10aFuzzy Switching and automata atheory and applications aNew YorkbCrane Russakc[1979] ax, 303p. : ill. a0.00